The One year book of family devotions / (Record no. 3799)

MARC details
000 -LEADER
fixed length control field 00970cam a2200277 a 4500
001 - CONTROL NUMBER
control field 3858430
003 - CONTROL NUMBER IDENTIFIER
control field GBCCL
005 - DATE AND TIME OF LATEST TRANSACTION
control field 20241126110504.0
008 - FIXED-LENGTH DATA ELEMENTS--GENERAL INFORMATION
fixed length control field 880728m19889999ilu 001 0 eng
010 ## -
-- 88071950
020 ## - INTERNATIONAL STANDARD BOOK NUMBER
International Standard Book Number 0842325409 (v. 1) :
Terms of availability 14.95
020 ## - INTERNATIONAL STANDARD BOOK NUMBER
International Standard Book Number 0842326170 (v. 3)
040 ## - CATALOGING SOURCE
Original cataloging agency DLC
Transcribing agency DLC
Modifying agency DLC
050 00 -
-- BV255
-- .O54 1988
082 00 - DEWEY DECIMAL CLASSIFICATION NUMBER
Classification number 249
Edition information 20
Item number ONE
245 04 - TITLE STATEMENT
Title The One year book of family devotions /
Statement of responsibility, etc. [stories written by V. Louise Cunningham ... et al.].
260 ## - PUBLICATION, DISTRIBUTION, ETC.
Place of publication, distribution, etc. Wheaton, Ill. :
Name of publisher, distributor, etc. Tyndale House Publishers,
Date of publication, distribution, etc. c1988-<c1990>
300 ## - PHYSICAL DESCRIPTION
Extent v. <1, 3 > ;
Dimensions 24 cm.
500 ## - GENERAL NOTE
General note Includes indexes.
650 #0 - SUBJECT ADDED ENTRY--TOPICAL TERM
Topical term or geographic name entry element Families
Form subdivision Prayers and devotions.
9 (RLIN) 6191
650 #0 - SUBJECT ADDED ENTRY--TOPICAL TERM
Topical term or geographic name entry element Devotional calendars.
9 (RLIN) 1878
700 1# - ADDED ENTRY--PERSONAL NAME
Personal name Cunningham, V. Louise
Fuller form of name (Verna Louise),
Dates associated with a name 1933-
9 (RLIN) 6225
906 ## - LOCAL DATA ELEMENT F, LDF (RLIN)
a 7
b cbc
c orignew
d 2
e opcn
f 19
g y-gencatlg
942 ## - ADDED ENTRY ELEMENTS (KOHA)
Source of classification or shelving scheme Dewey Decimal Classification
Koha item type Books
Koha issues (borrowed), all copies 1
Holdings
Withdrawn status Lost status Source of classification or shelving scheme Damaged status Not for loan Home library Current Library Shelving location Date acquired Total checkouts Full call number Barcode Date last seen Date last checked out Copy number Price effective from Koha item type
    Dewey Decimal Classification     GRACE BIBLE COLLEGE GRACE BIBLE COLLEGE Ministry & Mission 2017-12-13 1 249 ONE 009662 2025-05-01 2022-08-26 v.1 2017-12-13 Books
© Grace Bible College Library 2025